| 000 | 00388nam a2200169Ia 4500 | ||
|---|---|---|---|
| 008 | 230524s9999 xx 000 0 und d | ||
| 020 | _a9788184880014 | ||
| 082 |
_a174.4 _bJHA |
||
| 100 | _aS.M.Jha | ||
| 245 | 0 | _aServices Marketing | |
| 250 | _aIST | ||
| 260 |
_aMUMBAI _bHimalaya _c2008 |
||
| 300 | _aXV;729 | ||
| 500 | _aQuantity Number: 4 | ||
| 650 | _aManagement | ||
| 942 | _cBK | ||
| 999 |
_c45489 _d45489 |
||